Difficultés de lecture dans la determination de l'hematocrite dans les cas des hyperleucocytoses au CNHU/HKM (Record no. 48074)
[ view plain ]
| 000 -LEADER | |
|---|---|
| fixed length control field | 00572nam a22001817a 4500 |
| 003 - CONTROL NUMBER IDENTIFIER | |
| control field | 0 |
| 005 - DATE AND TIME OF LATEST TRANSACTION | |
| control field | 20160609165949.0 |
| 008 - FIXED-LENGTH DATA ELEMENTS--GENERAL INFORMATION | |
| fixed length control field | 101103t xxu||||| |||| 00| 0 eng d |
| 040 ## - SOURCE DU CATALOGAGE | |
| Original cataloging agency | BUAC |
| Transcribing agency | BEPAC |
| 100 ## - VEDETTE PRINCIPALE - NOM DE PERSONNE | |
| Personal name | Kouthon, Pierre Kpèdétin |
| 9 (RLIN) | 10432 |
| 130 ## - VEDETTE PRINCIPALE - TITRE UNIFORME | |
| Language of a work | fr |
| 9 (RLIN) | 10433 |
| 245 ## - TITLE STATEMENT | |
| Title | Difficultés de lecture dans la determination de l'hematocrite dans les cas des hyperleucocytoses au CNHU/HKM |
| 260 ## - PUBLICATION, DISTRIBUTION, ETC. (IMPRINT) | |
| Place of publication, distribution, etc | UAC-EPAC |
| Name of publisher, distributor, etc | UAC-EPAC |
| Date of publication, distribution, etc | 2008 |
| 300 ## - PHYSICAL DESCRIPTION | |
| Extent | XV-35p. |
| 650 ## - SUBJECT ADDED ENTRY--TOPICAL TERM | |
| Topical term or geographic name as entry element | HEMATOCRITE |
| Topical term following geographic name as entry element | HYPERLEUCOCYTOSE |
| 9 (RLIN) | 10434 |
| 700 ## - ADDED ENTRY--PERSONAL NAME | |
| Personal name | Houndjo , Daniel Bignon M. |
| 9 (RLIN) | 10435 |
| 942 ## - ADDED ENTRY ELEMENTS (KOHA) | |
| Koha item type | Thèse et Memoire |
| Withdrawn status | Lost status | Damaged status | Not for loan | Location (home branch) | Sublocation or collection (holding branch) | Date acquired | Source of acquisition | Koha issues (times borrowed) | Koha full call number | Piece designation (barcode) | Koha date last seen | Copy number | Price effective from | Koha item type |
|---|---|---|---|---|---|---|---|---|---|---|---|---|---|---|
| Bibliothèque Ecole Polytechnique d'Abomey-Calavi | Bibliothèque Ecole Polytechnique d'Abomey-Calavi | 03/11/2010 | Dépot légal | 26/ABM/KOU | R16031 EPAC | 03/11/2010 | 1 | 03/11/2010 | Thèse et Memoire | |||||
| Bibliothèque Ecole Polytechnique d'Abomey-Calavi | Bibliothèque Ecole Polytechnique d'Abomey-Calavi | 03/11/2010 | Dépot légal | 26/ABM/KOU | R16032 EPAC | 03/11/2010 | 2 | 03/11/2010 | Thèse et Memoire | |||||
| Bibliothèque Ecole Polytechnique d'Abomey-Calavi | Bibliothèque Ecole Polytechnique d'Abomey-Calavi | 03/11/2010 | Dépot légal | 26/ABM/KOU | R16033 EPAC | 03/11/2010 | 3 | 03/11/2010 | Thèse et Memoire |